El Congreso de Panamá y algunos otros proyectos de unión hispano-americana /
En este libro se estudia el caso del Congreso de Panamá, reunido en junio de 1826 con la intención de buscar la integración de los países latinoamericanos. Incluye un prólogo que detalla los diversos intentos hechos al respecto.
Zapisane w:
| 1. autor: | |
|---|---|
| Format: | Książka |
| Język: | hiszpański |
| Wydanie: | 2a edición |
| Seria: | (Archivo Histórico Diplomático Mexicano ;
19) |
| Hasła przedmiotowe: | |
| Etykiety: |
Nie ma etykietki, Dołącz pierwszą etykiete!
|
MARC
| LEADER | 00000nam^a2200000^a^4500 | ||
|---|---|---|---|
| 001 | 000035010 | ||
| 005 | 20250521000000.0 | ||
| 009 | 20260310085257.372 | ||
| 037 | |a Acervo ITESO - Biblioteca | ||
| 041 | |a ESP | ||
| 082 | |a 972. 04 |b PEÑ | ||
| 100 | |a Peña y Reyes, Antonio de la |e (autor) | ||
| 245 | 1 | 3 | |a El Congreso de Panamá y algunos otros proyectos de unión hispano-americana / |c A. de la Peña y Reyes. |
| 250 | |a 2a edición | ||
| 264 | |a México : |b Porrúa, |c 1971 | ||
| 300 | |a 262 p. | ||
| 336 | |a texto |b txt |2 rdacontenido | ||
| 337 | |a sin mediación |b n |2 rdamedio | ||
| 338 | |a volumen |b nc |2 rdasoporte | ||
| 440 | 1 | |a (Archivo Histórico Diplomático Mexicano ; |v 19) | |
| 520 | |a En este libro se estudia el caso del Congreso de Panamá, reunido en junio de 1826 con la intención de buscar la integración de los países latinoamericanos. Incluye un prólogo que detalla los diversos intentos hechos al respecto. | ||
| 649 | |a XX | ||
| 650 | |a América - |x Historia | ||
| 650 | |a América - |x Historia - |y Epoca Colonial | ||
| 910 | |a Fondo General | ||
| 920 | |a Impresos - Libros | ||
| 930 | |a Colección General | ||
| 905 | |a 101 | ||
| 901 | |a 0350100100 |b IT1 |c ACC |i 035010 |u 20250521 | ||
| 902 | |a https://opac.biblio.iteso.mx/vufind/Record/000035010 | ||